header

Mineral processing technology (Record no. 232512)

MARC details
000 -LEADER
fixed length control field 01170nam a2200289Ia 4500
100 1# - MAIN ENTRY--AUTHOR NAME
Personal name Wills, B. A.
245 10 - TITLE STATEMENT
Title Mineral processing technology
250 ## - EDITION STATEMENT
Edition statement 7th ed.
260 ## - PUBLICATION, DISTRIBUTION, ETC. (IMPRINT)
Place of publication Oxford ;
-- Boston :
Name of publisher Butterworth-Heinemann,
Year of publication 2006.
300 ## - PHYSICAL DESCRIPTION
Number of Pages viii, 444 p. :
Other physical details ill.
650 #0 - SUBJECT ADDED ENTRY--TOPICAL TERM
Topical Term Ore-dressing.
Topical Term Minerals.
856 40 - ELECTRONIC LOCATION AND ACCESS
Uniform Resource Identifier http://site.ebrary.com/lib/rucke/Doc?id=10186014

No items available.

© 2026 Rongo University
Contact us: librarian | system librarian | Rongo university